|
|
|
|
| LEADER |
01601cas a2200241 a 4500 |
| 001 |
AALejournalIMF007398 |
| 008 |
230101c9999 xx r poo 0 0eng d |
| 020 |
|
|
|c 5.00 USD
|
| 020 |
|
|
|z 9781451807141
|
| 022 |
|
|
|a 1934-7685
|
| 040 |
|
|
|a BD-DhAAL
|c BD-DhAAL
|
| 110 |
2 |
|
|a International Monetary Fund.
|
| 245 |
1 |
0 |
|a Switzerland :
|b Selected Issues and Statistical Appendix.
|
| 264 |
|
1 |
|a Washington, D.C. :
|b International Monetary Fund,
|c 1997.
|
| 300 |
|
|
|a 1 online resource (100 pages)
|
| 490 |
1 |
|
|a IMF Staff Country Reports
|
| 500 |
|
|
|a <strong>Off-Campus Access:</strong> No User ID or Password Required
|
| 500 |
|
|
|a <strong>On-Campus Access:</strong> No User ID or Password Required
|
| 506 |
|
|
|a Electronic access restricted to authorized BRAC University faculty, staff and students
|
| 520 |
3 |
|
|a This Selected Issues paper and Statistical Appendix assesses Switzerland's recent real GDP performance in terms of underlying movements in potential output and the cyclical output gap. The paper highlights that Swiss real GDP has been stagnant since 1990, after expanding at an average rate of some 1 3/4 percent during 1977-90. The evidence presented indicates that potential output growth during 1991-95 was significantly below historical average. This paper also tries to assess the possible effects of stage 3 of European Monetary Union on Switzerland.
|
| 538 |
|
|
|a Mode of access: Internet
|
| 830 |
|
0 |
|a IMF Staff Country Reports; Country Report ;
|v No. 1997/018
|
| 856 |
4 |
0 |
|z Full text available on IMF
|u http://elibrary.imf.org/view/journals/002/1997/018/002.1997.issue-018-en.xml
|z IMF e-Library
|